The Feiner Points of Leadership : (Record no. 591827)

MARC details
000 -LEADER
fixed length control field 00488nam a2200193 a 4500
008 - FIXED-LENGTH DATA ELEMENTS--GENERAL INFORMATION
fixed length control field 251015s2005##################000#0#eng##
020 ## - INTERNATIONAL STANDARD BOOK NUMBER
ISBN 9780446695756
082 04 - DEWEY DECIMAL CLASSIFICATION NUMBER
Classification number 658.409
Item number FEI
100 1# - MAIN ENTRY--AUTHOR NAME
Personal name Feiner, Michael,
245 10 - TITLE STATEMENT
Title The Feiner Points of Leadership :
260 ## - PUBLICATION, DISTRIBUTION, ETC. (IMPRINT)
Name of publisher Business Plus,
Year of publication 2005.
300 ## - PHYSICAL DESCRIPTION
Number of Pages 304 pages
650 #0 - SUBJECT ADDED ENTRY--TOPICAL TERM
Topical Term Business & Economics.
942 ## - ADDED ENTRY ELEMENTS (KOHA)
Koha item type English Books
Holdings
Withdrawn status Lost status Damaged status Not for loan Home library Current library Shelving location Date acquired Full call number Accession Number Price effective from Koha item type
        Anna Centenary Library Anna Centenary Library 6TH FLOOR, B WING 15.10.2025 658.409 FEI 362531 15.10.2025 English Books

Find us on the map